[Event "CXU Obro Nytaar 2013"]
[Site "Copenhagen"]
[Date "2013.12.27"]
[Round "1"]
[White "Nielsen, Morten Davidsen"]
[Black "Hector, Jonny"]
[Result "0-1"]
[WhiteElo "1955"]
[BlackElo "2509"]
[PlyCount "40"]
[EventDate "2013.??.??"]
[EventType "swiss"]
[EventRounds "7"]

1. e4 e5 2. Bc4 Nf6 3. Nf3 Nc6 4. Ng5 d5 5. exd5 Na5 6. d3 c6 7. Qe2 cxd5 8.
Qxe5+ Be7 9. Bb5+ Nc6 10. O-O O-O 11. Bxc6 bxc6 12. Qg3 h6 13. Nh3 Bd6 14. f4
Re8 15. Nc3 d4 16. Ne4 Nxe4 17. dxe4 Rxe4 18. Nf2 Re2 19. Qd3 Qe7 20. Kh1 Bf5
0-1

[Event "CXU Obro Nytaar 2013"]
[Site "Copenhagen"]
[Date "2013.12.27"]
[Round "1"]
[White "Nilssen, John Arni"]
[Black "Olsen, Michael Richard W"]
[Result "1-0"]
[WhiteElo "2366"]
[BlackElo "1943"]
[PlyCount "39"]
[EventDate "2013.??.??"]
[EventType "swiss"]
[EventRounds "7"]

1. d4 d5 2. c4 e6 3. Nc3 Nf6 4. Bf4 Bd6 5. Bg3 Bxg3 6. hxg3 Nc6 7. Nf3 Qe7 8.
e3 Ne4 9. cxd5 Nxc3 10. bxc3 exd5 11. Bb5 Bd7 12. Rh5 Qa3 13. Rxd5 Qxc3+ 14.
Kf1 f6 15. Rxd7 Kxd7 16. d5 Rad8 17. dxc6+ Ke7 18. Nd4 b6 19. Rb1 Rd5 20. Qg4
1-0

[Event "CXU Obro Nytaar 2013"]
[Site "Copenhagen"]
[Date "2013.12.27"]
[Round "1"]
[White "Nielsen, Viktor Haarmark"]
[Black "Hansen, Mads Smith"]
[Result "0-1"]
[WhiteElo "1948"]
[BlackElo "2361"]
[PlyCount "52"]
[EventDate "2013.??.??"]
[EventType "swiss"]
[EventRounds "7"]

1. e4 d5 2. exd5 Qxd5 3. Nf3 Nf6 4. d4 Bg4 5. Be2 Nc6 6. O-O O-O-O 7. c4 Qd7 8.
d5 Bxf3 9. Bxf3 Ne5 10. Be2 e6 11. dxe6 Qxe6 12. Qa4 Bc5 13. Nc3 Neg4 14. Bf4
Qf5 15. Bg3 Rhe8 16. Rad1 a6 17. Bxg4 Qxg4 18. Qc2 Qxc4 19. Qf5+ Kb8 20. Rc1
Bd6 21. b4 Bxg3 22. hxg3 Qxb4 23. Qg5 Qg4 24. Qa5 Qh5 25. Nb5 Ng4 26. Rxc7 Qh2#
0-1

[Event "CXU Obro Nytaar 2013"]
[Site "Copenhagen"]
[Date "2013.12.27"]
[Round "1"]
[White "Korley, Kassa"]
[Black "Dreisler, Tobias"]
[Result "1-0"]
[WhiteElo "2343"]
[BlackElo "1916"]
[PlyCount "109"]
[EventDate "2013.??.??"]
[EventType "swiss"]
[EventRounds "7"]

1. e4 c5 2. Nf3 d6 3. Bb5+ Bd7 4. Bxd7+ Qxd7 5. c4 g6 6. d4 cxd4 7. Nxd4 Bg7 8.
Nc3 Nc6 9. Be3 Nf6 10. h3 O-O 11. O-O Rac8 12. b3 a6 13. Rc1 b5 14. cxb5 Nxd4
15. Bxd4 axb5 16. Qd3 b4 17. Bxf6 Bxf6 18. Nd5 Rxc1 19. Rxc1 Rc8 20. Rc4 Rxc4
21. Qxc4 Qa7 22. Nxb4 Bd4 23. Nd3 e5 24. Qc2 Qb7 25. Ne1 Qb4 26. Nf3 Qa3 27.
Nd2 Qb4 28. a4 Kg7 29. Nf3 Kf6 30. g3 Bc3 31. Kg2 h6 32. Nh2 Qd4 33. Qe2 d5 34.
Ng4+ Ke7 35. exd5 Qxd5+ 36. Qf3 Kd6 37. Qxd5+ Kxd5 38. Nxh6 f5 39. h4 Kc5 40.
h5 gxh5 41. Nxf5 Kb4 42. Kf3 Kxb3 43. Ke4 Kxa4 44. f3 Kb5 45. Ng7 Kc5 46. Nxh5
Kd6 47. Kf5 Kd5 48. g4 Kd4 49. g5 Bb4 50. g6 Bf8 51. g7 Bxg7 52. Nxg7 Ke3 53.
Kg4 e4 54. f4 Kd2 55. Nf5 1-0

[Event "CXU Obro Nytaar 2013"]
[Site "Copenhagen"]
[Date "2013.12.27"]
[Round "1"]
[White "Hansen, Rasmus Agertoft"]
[Black "Bekker Jensen, David"]
[Result "0-1"]
[WhiteElo "1868"]
[BlackElo "2314"]
[PlyCount "92"]
[EventDate "2013.??.??"]
[EventType "swiss"]
[EventRounds "7"]

1. d4 Nf6 2. Nf3 g6 3. e3 Bg7 4. Bd3 O-O 5. O-O d6 6. Nbd2 Nbd7 7. c3 e5 8. Qb3
Qe7 9. e4 Nh5 10. Nc4 Nf4 11. Bxf4 exf4 12. Qa3 Qd8 13. Rad1 g5 14. h3 Nb8 15.
Nh2 Nc6 16. b4 Ne7 17. b5 Bd7 18. Qb4 Ng6 19. a4 h5 20. Be2 g4 21. hxg4 hxg4
22. Bxg4 Bxg4 23. Nxg4 f5 24. exf5 Nh4 25. f6 Bxf6 26. Rd3 Bg5 27. Nd2 Qd7 28.
Nh2 Kg7 29. d5 Rf5 30. Ndf3 Rh8 31. Re1 Bf6 32. Qe4 Rfh5 33. Nd4 Re5 34. Ne6+
Kf7 35. Ng4 Rxe4 36. Rxe4 Ng6 37. g3 fxg3 38. Rf3 gxf2+ 39. Rxf2 Ne5 40. Nxf6
Qc8 41. Ng4+ Ke7 42. Ref4 Qg8 43. Rg2 Qh7 44. Nxe5 dxe5 45. Rfg4 Qb1+ 46. Kf2
Qc2+ 0-1

[Event "CXU Obro Nytaar 2013"]
[Site "Copenhagen"]
[Date "2013.12.27"]
[Round "1"]
[White "Stojanovski, Sandi"]
[Black "Mortensen, Henrik"]
[Result "1/2-1/2"]
[WhiteElo "2288"]
[BlackElo "1938"]
[PlyCount "152"]
[EventDate "2013.??.??"]
[EventType "swiss"]
[EventRounds "7"]

1. d4 Nf6 2. c4 e6 3. Nc3 Bb4 4. e3 O-O 5. Bd3 c5 6. Nf3 d5 7. O-O Nc6 8. a3
Bxc3 9. bxc3 b6 10. a4 Qc7 11. Ba3 Na5 12. cxd5 exd5 13. Ne5 Re8 14. f3 c4 15.
Bc2 Nc6 16. Nxc6 Qxc6 17. Qd2 Bb7 18. Rae1 Qd7 19. Qf2 Bc6 20. Qh4 Bxa4 21. Bb1
h6 22. h3 b5 23. e4 a5 24. e5 Nh7 25. f4 Rab8 26. Bd6 Rb7 27. f5 b4 28. f6 Nxf6
29. Rxf6 Qd8 30. Qg3 bxc3 31. Rff1 c2 32. Ba2 Qb6 33. Qc3 Qb2 34. Qxb2 Rxb2 35.
Ra1 Bb3 36. Bxb3 cxb3 37. Ba3 Ra2 38. Rxa2 bxa2 39. Ra1 Rb8 40. Rxa2 Rb1+ 41.
Kh2 c1=Q 42. Bxc1 Rxc1 43. Rxa5 Rd1 44. Rxd5 Kf8 45. Rd7 Ke8 46. e6 fxe6 47.
Rxg7 Rxd4 48. Rh7 e5 49. Rxh6 Kf7 50. Kg3 Rf4 51. Ra6 Ke7 52. h4 Kf7 53. h5 Ke7
54. Kh3 Kf7 55. Ra3 Kf6 56. Rg3 Rf1 57. Kh4 e4 58. Kg4 Rf5 59. Kh4 Rf1 60. Rg8
Rh1+ 61. Kg4 Kf7 62. Rg5 Kf6 63. Rf5+ Ke6 64. Rf8 Ke5 65. Kg5 e3 66. Re8+ Kd4
67. h6 Kd3 68. g4 e2 69. Kg6 e1=Q 70. Rxe1 Rxe1 71. h7 Rh1 72. Kg7 Ke4 73. g5
Kf5 74. g6 Rh2 75. h8=Q Rxh8 76. Kxh8 Kxg6 1/2-1/2

[Event "CXU Obro Nytaar 2013"]
[Site "Copenhagen"]
[Date "2013.12.27"]
[Round "1"]
[White "Helles, Morten Agervig"]
[Black "Jorgensen, Brian Jorgen"]
[Result "1/2-1/2"]
[WhiteElo "1828"]
[BlackElo "2240"]
[PlyCount "70"]
[EventDate "2013.??.??"]
[EventType "swiss"]
[EventRounds "7"]

1. b3 d5 2. Bb2 e6 3. e3 c5 4. Nf3 Nf6 5. Bb5+ Nbd7 6. Ne5 Be7 7. O-O O-O 8. f4
Ne4 9. Nc3 Nd6 10. Bd3 f5 11. Nf3 Bf6 12. Na4 b5 13. Bxf6 Qxf6 14. Nc3 c4 15.
Be2 b4 16. Na4 Bb7 17. a3 a5 18. axb4 axb4 19. Nd4 e5 20. fxe5 Qxe5 21. Qe1 f4
22. Bg4 fxe3 23. Qxe3 Rxf1+ 24. Rxf1 Qxe3+ 25. dxe3 Nf6 26. Be6+ Kh8 27. Nb6
Re8 28. bxc4 Nxc4 29. Nxc4 dxc4 30. Bxc4 Rxe3 31. Nf5 Rc3 32. Bb3 Be4 33. Nd4
h6 34. Ra1 Rc8 35. Ra4 Rb8 1/2-1/2

[Event "CXU Obro Nytaar 2013"]
[Site "Copenhagen"]
[Date "2013.12.27"]
[Round "1"]
[White "Andreasen, Henrik"]
[Black "Kokholm, Daniel"]
[Result "1-0"]
[WhiteElo "2240"]
[BlackElo "1884"]
[PlyCount "65"]
[EventDate "2013.??.??"]
[EventType "swiss"]
[EventRounds "7"]

1. d4 d6 2. g3 Nf6 3. Bg2 Nbd7 4. e4 c6 5. Ne2 e5 6. O-O Be7 7. c3 O-O 8. h3
Re8 9. a4 a5 10. Be3 Bf8 11. Nd2 Qc7 12. f4 b6 13. Re1 Ba6 14. Qc2 c5 15. dxe5
dxe5 16. c4 Rad8 17. Nc3 g6 18. Rf1 Bg7 19. f5 Nb8 20. Nd5 Nxd5 21. exd5 e4 22.
Nxe4 Qe5 23. f6 Bf8 24. Rad1 Qc7 25. Bf4 Qd7 26. b3 h6 27. h4 Qa7 28. Qd2 Kh7
29. h5 Nd7 30. hxg6+ fxg6 31. f7 Re7 32. Bd6 Rxe4 33. Bxf8 1-0

[Event "CXU Obro Nytaar 2013"]
[Site "Copenhagen"]
[Date "2013.12.27"]
[Round "1"]
[White "Andersen, Daniel"]
[Black "Andreasen, Per Naesby"]
[Result "0-1"]
[WhiteElo "1876"]
[BlackElo "2192"]
[PlyCount "101"]
[EventDate "2013.??.??"]
[EventType "swiss"]
[EventRounds "7"]

1. c4 g6 2. e4 Bg7 3. d4 d6 4. Nc3 e5 5. dxe5 dxe5 6. Qxd8+ Kxd8 7. f4 Nc6 8.
fxe5 Nxe5 9. Bg5+ f6 10. O-O-O+ Bd7 11. Bh4 c6 12. Nf3 Kc7 13. Nxe5 fxe5 14.
Be2 Nf6 15. Rhf1 Rhf8 16. h3 Be6 17. Rf2 Nd7 18. Rdf1 a5 19. b3 Rxf2 20. Rxf2
Bh6+ 21. Kc2 Be3 22. Rf1 Bd4 23. Bg5 Rf8 24. Rxf8 Nxf8 25. a4 Bd7 26. Kd3 Ne6
27. Bd2 b6 28. Bf3 Kd6 29. Bh6 Bf2 30. Nd1 Bg3 31. Be3 Nc5+ 32. Kc2 Bf4 33. Bf2
Bg5 34. Ne3 Ne6 35. Bg4 Nd4+ 36. Kc3 Bxe3 37. Bxe3 Bxg4 38. hxg4 c5 39. g5 Ne6
40. Kd2 Nd4 41. Kc3 Ke6 42. Kb2 Ne2 43. Kc2 Nf4 44. g3 Ne2 45. g4 Nd4+ 46. Kc3
Kf7 47. Kb2 Nf3 48. Kc3 Nh2 49. Kd3 Nxg4 50. Ke2 Nh2 51. Bxc5 0-1

[Event "CXU Obro Nytaar 2013"]
[Site "Copenhagen"]
[Date "2013.12.27"]
[Round "1"]
[White "Thuesen, Mogens Henrik"]
[Black "Lofberg, Jan"]
[Result "1-0"]
[WhiteElo "2194"]
[BlackElo "1749"]
[PlyCount "55"]
[EventDate "2013.??.??"]
[EventType "swiss"]
[EventRounds "7"]

1. d4 c5 2. d5 Nf6 3. Nc3 d6 4. e4 g6 5. Nf3 Bg7 6. Bb5+ Bd7 7. a4 O-O 8. O-O
a6 9. Be2 Bg4 10. Nd2 Bxe2 11. Qxe2 Nbd7 12. Nc4 Nb6 13. Ne3 Rc8 14. a5 Na8 15.
Nc4 e5 16. dxe6 fxe6 17. Bg5 h6 18. Bh4 Qd7 19. Rad1 Ne8 20. Bg3 Rc6 21. Qg4
Kh7 22. e5 Rf5 23. exd6 b5 24. Ne3 h5 25. Qh3 Rf7 26. Ne4 Qd8 27. Qxe6 Re7 28.
dxe7 1-0

[Event "CXU Obro Nytaar 2013"]
[Site "Copenhagen"]
[Date "2013.12.28"]
[Round "2"]
[White "Hector, Jonny"]
[Black "Haubro, Sigfred"]
[Result "1-0"]
[WhiteElo "2509"]
[BlackElo "2121"]
[PlyCount "65"]
[EventDate "2013.??.??"]
[EventType "swiss"]
[EventRounds "7"]

1. e4 d5 2. exd5 Qxd5 3. Nc3 Qa5 4. d4 c6 5. Bc4 Nf6 6. Bd2 Qb6 7. Nf3 Bf5 8.
Bb3 e6 9. Qe2 Bg4 10. O-O-O Be7 11. h3 Bxf3 12. Qxf3 Na6 13. g4 h6 14. h4 Rf8
15. g5 hxg5 16. hxg5 Nd7 17. Rh7 Qxd4 18. Bf4 Qb6 19. Rxg7 O-O-O 20. Ne4 Nc7
21. Bd6 Bxd6 22. Nxd6+ Kb8 23. Rxf7 Nd5 24. g6 Ne5 25. Qg3 Nxf7 26. Nxf7+ Ka8
27. Nxd8 Rxd8 28. g7 Rg8 29. Bxd5 cxd5 30. Rh1 Qd4 31. Rh8 Rxh8 32. g8=R+ Rxg8
33. Qxg8# 1-0

[Event "CXU Obro Nytaar 2013"]
[Site "Copenhagen"]
[Date "2013.12.28"]
[Round "2"]
[White "Brorsen, Jacob Abildlund"]
[Black "Nilssen, John Arni"]
[Result "1-0"]
[WhiteElo "2129"]
[BlackElo "2366"]
[PlyCount "107"]
[EventDate "2013.??.??"]
[EventType "swiss"]
[EventRounds "7"]

1. d4 Nf6 2. c4 e6 3. Nc3 Bb4 4. e3 c5 5. Nge2 b6 6. a3 Ba5 7. g3 Bb7 8. d5 b5
9. b4 cxb4 10. Nxb5 Ne4 11. Bg2 b3+ 12. Kf1 b2 13. Bxb2 Nd2+ 14. Kg1 O-O 15.
Qc2 d6 16. Rd1 e5 17. a4 a6 18. Na3 Bb4 19. Rxd2 Bxd2 20. Qxd2 Nd7 21. Be4 Nc5
22. Bc2 Bc8 23. h3 Bd7 24. a5 h5 25. Kg2 Qc8 26. f4 Re8 27. Bc3 Rb8 28. fxe5
dxe5 29. e4 Qd8 30. Rf1 Rc8 31. Ng1 Rc7 32. Nf3 Qc8 33. Rh1 f6 34. Nh4 Rd8 35.
Qd1 Be8 36. Nf5 Bg6 37. Rf1 Rcd7 38. Qf3 Rb7 39. g4 hxg4 40. hxg4 Qd7 41. Rh1
Rdb8 42. Qh3 Kf7 43. g5 Rb3 44. Rb1 Rxb1 45. Nxb1 Qd8 46. Qe3 Qf8 47. Nd2 Kg8
48. Qg3 Nd7 49. gxf6 Qxf6 50. Nf3 Re8 51. N3h4 Bh7 52. Ba4 Nc5 53. Bxe8 Nxe4
54. Qxe5 1-0

[Event "CXU Obro Nytaar 2013"]
[Site "Copenhagen"]
[Date "2013.12.28"]
[Round "2"]
[White "Hansen, Mads Smith"]
[Black "Vesterli, Michael E"]
[Result "1-0"]
[WhiteElo "2361"]
[BlackElo "2045"]
[PlyCount "85"]
[EventDate "2013.??.??"]
[EventType "swiss"]
[EventRounds "7"]

1. Nf3 Nf6 2. g3 g6 3. b3 Bg7 4. Bb2 O-O 5. Bg2 d5 6. c4 c6 7. O-O Nbd7 8. d4
Ne4 9. Nbd2 Ndf6 10. Ne5 Bf5 11. Ndf3 Qa5 12. c5 h5 13. Nd3 Qc7 14. Bc1 Qc8 15.
Bf4 Bh3 16. Qc1 Kh7 17. Rb1 Bxg2 18. Kxg2 Ne8 19. b4 Nc7 20. Bxc7 Qxc7 21. b5
Rfb8 22. Rb3 a6 23. bxc6 bxc6 24. Qf4 Qxf4 25. gxf4 Rxb3 26. axb3 Rb8 27. b4
Nc3 28. e3 Na2 29. Ra1 Nxb4 30. Nxb4 Rxb4 31. Rxa6 Bf6 32. Rxc6 Kg7 33. Rb6 Rc4
34. Rb1 e6 35. Rb7 Rc2 36. Ng5 Bxg5 37. fxg5 Kf8 38. Kf3 Ke8 39. h3 Ra2 40. Kf4
Rxf2+ 41. Ke5 Kd8 42. Kd6 Kc8 43. c6 1-0

[Event "CXU Obro Nytaar 2013"]
[Site "Copenhagen"]
[Date "2013.12.28"]
[Round "2"]
[White "Nielsen, Klaus"]
[Black "Korley, Kassa"]
[Result "0-1"]
[WhiteElo "2054"]
[BlackElo "2343"]
[PlyCount "96"]
[EventDate "2013.??.??"]
[EventType "swiss"]
[EventRounds "7"]

1. f4 c5 2. Nf3 g6 3. e4 Bg7 4. Nc3 Nc6 5. Bc4 a6 6. a4 e6 7. O-O Nge7 8. d3 d5
9. Bb3 Nd4 10. Nxd4 cxd4 11. Ne2 dxe4 12. dxe4 O-O 13. Qd3 Nc6 14. Bd2 b6 15.
Rad1 Bb7 16. Qh3 Qe7 17. Rde1 Na5 18. Bxa5 bxa5 19. Qd3 Rad8 20. Rd1 e5 21. f5
Qh4 22. Ng3 Bh6 23. fxg6 Be3+ 24. Kh1 hxg6 25. Rxf7 Rxf7 26. Bxf7+ Kg7 27. Be6
Rh8 28. Bh3 Bc8 29. Qc4 Bxh3 30. Qc7+ Kf6 31. gxh3 Qxh3 32. Qd6+ Qe6 33. Rf1+
Bf4 34. Qxe6+ Kxe6 35. Kg2 Kd6 36. Rf2 Kc5 37. Kf3 Kb4 38. b3 Be3 39. Rg2 Rf8+
40. Ke2 Kc3 41. Nf1 Bf4 42. Rxg6 Kxc2 43. Rc6+ Kxb3 44. Rxa6 Kxa4 45. Rb6 Rc8
46. h4 Rc2+ 47. Kf3 Rc3+ 48. Kg4 Rc1 0-1

[Event "CXU Obro Nytaar 2013"]
[Site "Copenhagen"]
[Date "2013.12.28"]
[Round "2"]
[White "Bekker Jensen, David"]
[Black "Andersen, Rune"]
[Result "1-0"]
[WhiteElo "2314"]
[BlackElo "1961"]
[PlyCount "79"]
[EventDate "2013.??.??"]
[EventType "swiss"]
[EventRounds "7"]

1. d4 d5 2. c4 c6 3. Nc3 Nf6 4. e3 e6 5. Nf3 Nbd7 6. Qc2 Bd6 7. Bd3 dxc4 8.
Bxc4 b5 9. Bd3 Bb7 10. Ne4 Nxe4 11. Bxe4 Rc8 12. Bd2 a6 13. b4 Qe7 14. Rb1 h6
15. O-O O-O 16. Rfd1 Bb8 17. Bc3 Rcd8 18. Qb2 Nb6 19. Qb3 c5 20. Bxb7 c4 21.
Qc2 Qxb7 22. e4 f5 23. Re1 Qf7 24. d5 fxe4 25. dxe6 Qxe6 26. Rxe4 Qd6 27. Ne5
Na4 28. Bd4 Rfe8 29. f4 Bc7 30. Rbe1 Bb6 31. Bxb6 Qxb6+ 32. Kf1 Qb7 33. f5 Rf8
34. Rf4 Rf6 35. Ng4 Rfd6 36. f6 R6d7 37. Nxh6+ gxh6 38. Qg6+ Kh8 39. f7 Rd6 40.
Re8+ 1-0

[Event "CXU Obro Nytaar 2013"]
[Site "Copenhagen"]
[Date "2013.12.28"]
[Round "2"]
[White "Andersen, Rune Egede"]
[Black "Andreasen, Henrik"]
[Result "0-1"]
[WhiteElo "2112"]
[BlackElo "2240"]
[PlyCount "61"]
[EventDate "2013.??.??"]
[EventType "swiss"]
[EventRounds "7"]

1. e4 e6 2. d4 d5 3. e5 c5 4. c3 Nc6 5. Nf3 Nh6 6. dxc5 Bxc5 7. b4 Bb6 8. Bg5
Qc7 9. Bb5 Ng4 10. O-O Ngxe5 11. Bf4 Nxf3+ 12. Qxf3 Qd8 13. Qg3 O-O 14. Nd2 f6
15. c4 Nd4 16. Rfe1 e5 17. Be3 Nf5 18. Bxb6 Qxb6 19. Qd3 Nd4 20. Rac1 Bf5 21.
Qe3 Nxb5 22. cxb5 Qxe3 23. Rxe3 Rac8 24. Rd1 b6 25. Ra3 Rc7 26. f3 Rd8 27. Nf1
d4 28. Rd2 Rd5 29. Ne3 dxe3 30. Rxd5 Rc1+ 31. Rd1 0-1

[Event "CXU Obro Nytaar 2013"]
[Site "Copenhagen"]
[Date "2013.12.28"]
[Round "2"]
[White "Andreasen, Per Naesby"]
[Black "Sorensen, Dick"]
[Result "1-0"]
[WhiteElo "2192"]
[BlackElo "1957"]
[PlyCount "109"]
[EventDate "2013.??.??"]
[EventType "swiss"]
[EventRounds "7"]

1. e4 c5 2. Nf3 d6 3. Bb5+ Bd7 4. Bxd7+ Qxd7 5. O-O Nc6 6. c3 g6 7. d4 cxd4 8.
cxd4 Bg7 9. Nc3 Rc8 10. Be3 b6 11. h3 Na5 12. Qe2 e6 13. d5 e5 14. Rac1 Nc4 15.
a4 Nxe3 16. Nb5 Ne7 17. Rxc8+ Nxc8 18. Qxe3 a6 19. Nc3 O-O 20. Qd3 Qb7 21. Na2
Ne7 22. Nb4 b5 23. axb5 axb5 24. Rc1 Bh6 25. Rc2 f5 26. Nc6 fxe4 27. Nxe7+ Qxe7
28. Qxe4 Qb7 29. Rc6 Rf4 30. Qc2 Rc4 31. Rxc4 bxc4 32. Qxc4 Qxb2 33. Qc8+ Kg7
34. Qd7+ Kg8 35. Qc8+ Kg7 36. Qd7+ Kg8 37. g3 Qb8 38. Kg2 Qf8 39. h4 Kh8 40.
Nh2 Bg7 41. Ng4 e4 42. Qe6 Qf3+ 43. Kg1 h5 44. Nh2 Qd1+ 45. Kg2 Be5 46. Qxg6
Qxd5 47. Qxh5+ Kg7 48. Kh3 Qd3 49. Qg5+ Kf8 50. h5 Qe2 51. Qf5+ Kg7 52. Ng4
Qf1+ 53. Kh4 e3 54. Nxe3 Bxg3+ 55. fxg3 1-0

[Event "CXU Obro Nytaar 2013"]
[Site "Copenhagen"]
[Date "2013.12.28"]
[Round "2"]
[White "Skovgaard, Tom"]
[Black "Thuesen, Mogens Henrik"]
[Result "0-1"]
[WhiteElo "1949"]
[BlackElo "2194"]
[PlyCount "80"]
[EventDate "2013.??.??"]
[EventType "swiss"]
[EventRounds "7"]

1. e4 e6 2. d4 d5 3. Nd2 Nf6 4. e5 Nfd7 5. Bd3 c5 6. c3 Nc6 7. Ndf3 cxd4 8.
cxd4 Qb6 9. Ne2 f6 10. exf6 Nxf6 11. O-O Bd6 12. b3 O-O 13. Bb2 Bd7 14. Ne5 Qc7
15. Rc1 Be8 16. Qd2 Qe7 17. h3 a5 18. Bb1 a4 19. Nxc6 Bxc6 20. Qe3 axb3 21.
axb3 Nh5 22. Rce1 Bb5 23. Bd3 Bxd3 24. Qxd3 Rf6 25. Bc1 Rg6 26. f4 Qh4 27. f5
Rf6 28. fxe6 Re8 29. Rxf6 Qxe1+ 30. Rf1 Bh2+ 31. Kxh2 Qxf1 32. Qe3 Qf6 33. Nc3
Qf5 34. Qe5 Qxe5+ 35. dxe5 d4 36. Na4 Rxe6 37. g4 b5 38. Nb2 Rxe5 39. gxh5 Re1
40. Nd3 Rd1 0-1

[Event "CXU Obro Nytaar 2013"]
[Site "Copenhagen"]
[Date "2013.12.28"]
[Round "2"]
[White "Haubro, Martin"]
[Black "Petersen, Martin Reib"]
[Result "0-1"]
[WhiteElo "2211"]
[BlackElo "2013"]
[PlyCount "84"]
[EventDate "2013.??.??"]
[EventType "swiss"]
[EventRounds "7"]

1. e4 c6 2. d4 d5 3. exd5 cxd5 4. c4 Nf6 5. Nc3 e6 6. Nf3 Be7 7. cxd5 Nxd5 8.
Bc4 Nxc3 9. bxc3 Qc7 10. Qd3 Nd7 11. O-O O-O 12. Bb3 Rd8 13. Ng5 Nf8 14. Qf3
Bd6 15. h4 h6 16. Ne4 Ng6 17. Nxd6 Qxd6 18. h5 Ne7 19. Bc2 Bd7 20. Bf4 Qa6 21.
Qg3 Nf5 22. Bxf5 exf5 23. Be5 f6 24. Bf4 Kh8 25. Rfe1 Re8 26. Qg6 Qc6 27. Rac1
Rxe1+ 28. Rxe1 Re8 29. Rd1 Qxc3 30. Bxh6 Re1+ 31. Kh2 Re7 32. Bf4 Qc2 33. Rd2
Qe4 34. Qg3 Bc6 35. f3 Qb1 36. d5 Re1 37. Qf2 Rh1+ 38. Kg3 Rxh5 39. Qe2 g5 40.
dxc6 gxf4+ 41. Kxf4 Qb4+ 42. Ke3 f4+ 0-1

[Event "CXU Obro Nytaar 2013"]
[Site "Copenhagen"]
[Date "2013.12.28"]
[Round "2"]
[White "Krull, Carl"]
[Black "Olsen, Peter Erik"]
[Result "0-1"]
[WhiteElo "1607"]
[BlackElo "2184"]
[PlyCount "174"]
[EventDate "2013.??.??"]
[EventType "swiss"]
[EventRounds "7"]

1. e4 d5 2. exd5 Qxd5 3. Nc3 Qa5 4. Bc4 Nf6 5. Nf3 Bg4 6. d3 Nc6 7. Bd2 Qf5 8.
Bb5 Bxf3 9. Qxf3 Qxf3 10. gxf3 e6 11. Ne4 Nd5 12. a3 Nde7 13. Rg1 a6 14. Ba4 b5
15. Bb3 Nd4 16. Rg3 Nef5 17. Rh3 Bd6 18. Be3 Ke7 19. Bxd4 Nxd4 20. Nxd6 cxd6
21. Kd2 h6 22. Ba2 Kf6 23. c3 Nc6 24. f4 Ne7 25. Rg1 a5 26. d4 d5 27. Bb1 Rab8
28. Rhg3 g6 29. b4 Nc8 30. Bd3 Nd6 31. Rb1 Ra8 32. Rgg1 axb4 33. axb4 Ra2+ 34.
Ke3 Rc8 35. Rgc1 Ra3 36. Kd2 Nc4+ 37. Bxc4 Rxc4 38. Ra1 Rcxc3 39. Rxc3 Rxa1 40.
Rc5 Kf5 41. Rxb5 Kxf4 42. Ra5 Rb1 43. Kc3 Ke4 44. f3+ Ke3 45. Ra3 Kf4 46. Rb3
Rc1+ 47. Kd2 Rc7 48. b5 e5 49. b6 Rb7 50. dxe5 Kxe5 51. Kd3 g5 52. Rb5 f5 53.
Ke3 h5 54. h3 g4 55. f4+ Kd6 56. hxg4 Kc6 57. Rb1 hxg4 58. Rc1+ Kd6 59. Rb1
Re7+ 60. Kd3 Kc6 61. Rb2 g3 62. Rg2 Kxb6 63. Rxg3 Re4 64. Rf3 Kc5 65. Rf1 d4
66. Rc1+ Kd5 67. Rc8 Re3+ 68. Kd2 Ke4 69. Rd8 Ra3 70. Re8+ Kxf4 71. Rd8 Ke4 72.
Re8+ Kf3 73. Rd8 d3 74. Rf8 f4 75. Rf7 Kg3 76. Rg7+ Kf2 77. Rf7 f3 78. Rf8 Ra2+
79. Kd1 Re2 80. Rf7 Ke3 81. Re7+ Kf4 82. Rf7+ Kg4 83. Rg7+ Kh5 84. Rh7+ Kg6 85.
Rh1 f2 86. Rf1 Kg5 87. Kc1 Kg4 0-1

[Event "CXU Obro Nytaar 2013"]
[Site "Copenhagen"]
[Date "2013.12.28"]
[Round "3"]
[White "Thuesen, Mogens Henrik"]
[Black "Hector, Jonny"]
[Result "0-1"]
[WhiteElo "2194"]
[BlackElo "2509"]
[PlyCount "82"]
[EventDate "2013.??.??"]
[EventType "swiss"]
[EventRounds "7"]

1. c4 e5 2. Nc3 Bb4 3. Qc2 Nf6 4. Nf3 Qe7 5. a3 Bxc3 6. Qxc3 e4 7. Nd4 d5 8.
cxd5 O-O 9. b4 Nxd5 10. Qb3 Rd8 11. Bb2 c5 12. bxc5 Na6 13. Qg3 Nf6 14. c6 Nc5
15. Rc1 Re8 16. e3 Nh5 17. cxb7 Qxb7 18. Qg5 Qxb2 19. Qxc5 Nf6 20. Bb5 Bd7 21.
Bxd7 Nxd7 22. Qc3 Qb6 23. O-O Ne5 24. f3 Qg6 25. fxe4 Qxe4 26. Nb5 Rad8 27. Nd4
g6 28. Qa5 Rxd4 29. exd4 Qxd4+ 30. Kh1 Nd3 31. Qb5 Re2 32. Qb7 Nxc1 33. Rxc1
Qf2 34. h3 Rxd2 35. a4 Re2 36. Qd5 h5 37. a5 a6 38. Rg1 Kg7 39. Qb7 Re1 40.
Rxe1 Qxe1+ 41. Kh2 Qxa5 0-1

[Event "CXU Obro Nytaar 2013"]
[Site "Copenhagen"]
[Date "2013.12.28"]
[Round "3"]
[White "Olsen, Peter Erik"]
[Black "Hansen, Mads Smith"]
[Result "1/2-1/2"]
[WhiteElo "2184"]
[BlackElo "2361"]
[PlyCount "38"]
[EventDate "2013.??.??"]
[EventType "swiss"]
[EventRounds "7"]

1. d4 d6 2. c4 e5 3. dxe5 dxe5 4. Qxd8+ Kxd8 5. Nc3 c6 6. b3 Be6 7. Bb2 Nd7 8.
O-O-O Kc7 9. e3 Nh6 10. Bd3 f6 11. Nge2 Ng4 12. Rdf1 a5 13. h3 Nh6 14. Ne4 Be7
15. N2c3 Rhd8 16. Bc2 Bf5 17. Rd1 Nb6 18. Rxd8 Rxd8 19. Rd1 Rxd1+ 1/2-1/2

[Event "CXU Obro Nytaar 2013"]
[Site "Copenhagen"]
[Date "2013.12.28"]
[Round "3"]
[White "Korley, Kassa"]
[Black "Brorsen, Jacob Abildlund"]
[Result "1-0"]
[WhiteElo "2343"]
[BlackElo "2129"]
[PlyCount "141"]
[EventDate "2013.??.??"]
[EventType "swiss"]
[EventRounds "7"]

1. e4 e5 2. Nf3 Nc6 3. d4 exd4 4. Nxd4 Bc5 5. Nxc6 Qf6 6. Qf3 Qxc6 7. Nc3 Ne7
8. Bb5 Qg6 9. h4 h5 10. Rh3 Qg4 11. Be3 Qxf3 12. Rxf3 Bxe3 13. Rxe3 a6 14. Be2
d6 15. f4 Bd7 16. Nd5 Nxd5 17. exd5+ Kf8 18. Rb3 b6 19. Rc3 Ra7 20. Kf2 Ke7 21.
Re1 Kf6 22. b3 g6 23. a4 Re8 24. Bd3 a5 25. Rxe8 Bxe8 26. g4 hxg4 27. Kg3 Bd7
28. Be2 Rb7 29. Bxg4 Bxg4 30. Kxg4 Ra7 31. Rf3 Ra8 32. f5 Kg7 33. f6+ Kf8 34.
Rc3 Rc8 35. Kf4 Ke8 36. Re3+ Kf8 37. Rc3 Ke8 38. Re3+ Kf8 39. Re7 c6 40. c4
cxd5 41. cxd5 Rc1 42. Rb7 Rf1+ 43. Ke4 Rxf6 44. Rxb6 Rf1 45. Rxd6 Rb1 46. Rb6
Ke7 47. Rb7+ Kd6 48. Rxf7 Re1+ 49. Kd4 Rd1+ 50. Kc4 Rc1+ 51. Kb5 Rc5+ 52. Kb6
Rc3 53. Kxa5 Rxb3 54. Rf6+ Kxd5 55. Rxg6 Kc5 56. h5 Rb8 57. Rg5+ Kc6 58. h6 Rh8
59. Rh5 Rh7 60. Kb4 Rb7+ 61. Kc4 Rh7 62. a5 Kb7 63. Kb5 Ka7 64. Kc6 Kb8 65. Kd6
Kc8 66. Ke6 Kd8 67. Kf6 Ke8 68. Kg6 Ra7 69. h7 Ra6+ 70. Kg7 Ra7+ 71. Kg8 1-0

[Event "CXU Obro Nytaar 2013"]
[Site "Copenhagen"]
[Date "2013.12.28"]
[Round "3"]
[White "Schou Moldt, Thomas"]
[Black "Bekker Jensen, David"]
[Result "1/2-1/2"]
[WhiteElo "2159"]
[BlackElo "2314"]
[PlyCount "74"]
[EventDate "2013.??.??"]
[EventType "swiss"]
[EventRounds "7"]

1. e4 c5 2. Nf3 d6 3. d4 cxd4 4. Nxd4 Nf6 5. Nc3 a6 6. Be2 e5 7. Nb3 Be7 8. Be3
Be6 9. O-O O-O 10. f4 exf4 11. Rxf4 Nc6 12. Nd5 Bxd5 13. exd5 Ne5 14. Rb4 Qc7
15. a4 Nfd7 16. a5 Rfe8 17. Qd2 Bf6 18. c3 Rac8 19. Rf1 Nf8 20. Bb6 Qe7 21. Bd4
Bg5 22. Qd1 Nfg6 23. Kh1 Nf4 24. Bxe5 Qxe5 25. Bf3 Qe3 26. Rd4 Re7 27. Na1 Rce8
28. Nc2 Qe5 29. Re4 Qf5 30. Nd4 Qg6 31. Rxe7 Rxe7 32. Bg4 Qe4 33. Bf3 Qd3 34.
g3 Qxd1 35. Rxd1 Ng6 36. Nf5 Rd7 37. Re1 Kf8 1/2-1/2